000 00718nam a22002177a 4500
999 _c5111
_d5111
003 AR-CdUCM
008 190312b ||||| |||| 00| 0 spa d
020 _a84-7561-791-3
040 _aMUNICIPALIDAD PROVINCIAL DEL CUSCO
_cBIBLIOTECA MUNICIPAL DEL CUSCO
082 _a199.7 /
_bK93
100 _aKrofer, Hans
_915549
245 _aHechizos y sortilegios /
260 _aLima :
_bCorporacion grafica Navarrete,
_c1990.
300 _a156 páginas ;
_bilustraciones,
_c20 cm.
505 _aContenido: Los motivos de la hechicería -- El mal de ojo -- El gafismo ...
650 _aMisterio y otras realidades
_915550
650 _aHechicería
_9379
650 _aRituales
_96673
942 _2ddc
_cLIBROS
945 _acmm